01946agaaa2200313 45000010005000000030009000050050017000140070009000310080040000400400023000800410013001031000046001161300027001622400027001892450227002162460020004432500022004632600102004853000032005875080190006195110092008095200483009015380016013845460013014006500054014137000051014677000058015187000056015760911IT-RoPAU20220918181234.0d cvaizq50131s9999||||xx ||| | || ||und|| aIT-RoPAUcIT-RoPAU aITALIANO aHawks HowardgCodice regista SPICS: 11262 aMAGNIFICO SCHERZO (IL) aMONKEY BUSINESSgT2259 aMAGNIFICO SCHERZO (IL)cProdotto da: Siegel Sol C. -- Sceneggiatura: Hecht Ben Lederer Charles Diamond Da Una Storia Di Harry Segal -- Diretto da: Hawks HowardpMAGNIFICO SCHERZO (IL) (Rif. Codice opera principale : 90911) aMONKEY BUSINESS aEdizione Standard a(USA)b20TH CENTURY FOX / Distribuzione: CBS-FOXg"1952 (1° ed.: 1990 ; Ed. Lingua Orig.: 1952)" aVHSbsonoro, b&wc93 minuti a"Fotografia: Krasner Milton; Montaggio: Murphy William B.; Musica: Harline ; Sceneggiatura: Hecht Ben Lederer Charles Diamond Da Una Storia Di Harry Segal; Scenografia: Little Thomas; " a"Grant Cary; Rogers Ginger; Coburn Charles; Monroe Marilyn; Marlowe Hugh; Letondal Hen" aLOIS LAUREL E' SEGRETARIA DI UNO SCIENZIATO CHE QUASI PER CASO SCOPRE UN RIVOLUZIONARIO ELISIR DELLA GIOVINEZZA LO PROVA SU SE STESSO MA UNA DOSE ECCESSIVA DEL PORTENTOSO LIQUIDO PROVOCA UN EFFETTO IMPREVISTO RIPORTANDOLO INDIETRO MOLTO INDIETRO NEGLI ANNI ALL'INFANZIA NELLE CAOTICHE SITUAZIONI CHETUTTO CIO' PROVOCA VIENE TRASCINATA ANCHE LA POVERA MARILYN I GUAI VERI TUTTAVIA INIZIERANNO QUANDO ANCHE LA MOGLIE DELLO SCIENZIATO SOTTO L'EFFETTO DELLA POZIONE TORNERA' BAMBINA aPAL, STEREO aITALIANO aCOMMEDIAeFILMS [VHS]xCodice MATERIA SPICS: 9960 aHarline e(musica)gCodice Musica SPICS: 15749 aHawks Howard e(regista)gCodice regista SPICS: 11262 aHecht Ben e(soggetto)gCodice Soggetto SPICS: 9138